IBM/PC Guia del usuario / Lyle J. Graham (Registro nro. 15195)
[ vista simple ]
| 000 -LÍDER | |
|---|---|
| fixed length control field | 00497nam a2200169 4500 |
| 008 - ELEMENTOS DE LONGITUD FIJA -- INFORMACIÓN GENERAL | |
| fixed length control field | 0 1983 0x 000 0MEX |
| 020 ## - NÚMERO INTERNACIONAL NORMALIZADO PARA LIBROS | |
| ISBN | 968-451-596-0 |
| 050 ## - SIGNATURA TOPOGRAFICA DE LA BIBLIOTECA DEL CONGRESO (LC) | |
| Número de Clasificación | QA76.8 I2594 67 |
| 082 ## - NUMERO DE CLASIFICACION DECIMAL DEWEY | |
| Número de Clasificación | 001.642 G659i |
| 100 ## - ASIENTO PRINCIPAL--NOMBRE PERSONAL | |
| Nombre personal | Graham, Lyle J. |
| 245 ## - TÍTULO | |
| Título | IBM/PC Guia del usuario / Lyle J. Graham |
| 260 ## - PUBLICACIÓN, DISTRIBUCIÓN, ETC. (PIE DE IMPRENTA) | |
| Lugar de publicación, distribución, etc. | México : Mc Graw-Hill |
| 300 ## - DESCRIPCIÓN FÍSICA | |
| Extensión | xiii,572p / 24 cm |
| 500 ## - NOTA GENERAL | |
| Nota general | Incluye Indice |
| 650 ## - ASIENTO SECUNDARIO DE MATERIA - TERMINO TEMÁTICO | |
| Término temático o nombre geográfico como elemento de entrada | 1. IBM COMPUTADORA PERSONAL PROGRAMACION |
| 700 ## - ASIENTO SECUNDARIO - NOMBRE PERSONAL | |
| Nombre personal | Tr. Joyanes Agular, Luis |
| No. biblioteca | No. biblioteca | Número de clasificación | Código de barras/Número de adquisición | Número de copia | Tipo de material |
|---|---|---|---|---|---|
| LUIS G. INCLAN | LUIS G. INCLAN | 001.642 G659i | 153 | 2 | Libros |
